Sports Quiz

Random Sports or NBA Quiz

Sacramento Kings All-Time Leaders Quiz Stats

Quiz Updated May 17, 2018

Challenge
Share
Tweet
Embed
Score 0/50 Timer 06:00
5 Plays Today
% Correct
DeMarcus Cousins
88.9%
Chris Webber
87.3%
DeMarcus Cousins
82.7%
Mike Bibby
81.4%
Mike Bibby
73.2%
Vlade Divac
71.6%
Spud Webb
69.1%
Peja Stojakovic
68.6%
LaSalle Thompson
61.9%
Oscar Robertson
58.5%
Oscar Robertson
58.5%
Oscar Robertson
58.5%
Jason Thompson
53.7%
Mitch Richmond
51.6%
Mitch Richmond
51.6%
Mitch Richmond
51.6%
DeMarcus Cousins
50.4%
Doug Christie
46.8%
DeMarcus Cousins
45.2%
Mike Woodson
44.9%
Eddie Johnson
36.6%
Chris Webber
35.6%
Chris Webber
35.4%
Jason Thompson
35.2%
Francisco Garcia
31.7%
% Correct
Tiny Archibald
30.6%
Tiny Archibald
30.6%
Peja Stojakovic
28.4%
Brad Miller
25.4%
LaSalle Thompson
21.5%
Jerry Lucas
19.3%
Jerry Lucas
19.3%
Jack Twyman
16.7%
Jack Twyman
16.7%
Reggie Theus
15.6%
Sam Lacey
12.7%
Sam Lacey
12.7%
Sam Lacey
12.7%
Sam Lacey
12.7%
Sam Lacey
12.7%
Larry Drew
8.9%
Scott Wedman
8.7%
Scott Wedman
8.7%
Lionel Simmons
8.5%
Arnie Risen
7.3%
Phil Ford
7.2%
Duane Causwell
5.4%
Larry Drew
5.2%
Bob Davies
5%
Wayne Embry
4.9%

You're not logged in!

Compare scores with friends on all Sporcle quizzes.
Join for Free
OR
Log In

You Might Also Like...

Show Comments

Extras

Top Quizzes Today


Score Distribution

Your Account Isn't Verified!

In order to create a playlist on Sporcle, you need to verify the email address you used during registration. Go to your Sporcle Settings to finish the process.

Report this User

Report this user for behavior that violates our Community Guidelines.

Details: